Insects and spiders

Bibliographic Details
Main Author: Ganeri, Anita
Corporate Author: Title
Format: Book
Published: India : Euro Books , 2005
Series:Disney children's encyclopedia
Subjects:

MARC

LEADER 00000cam a2200000 7i4500
001 0000004557
005 20151222.0
008 070730
020 |a 8128616013 
090 0 0 |a JF   |b ENC ENG 
100 1 |a Ganeri, Anita 
245 1 0 |a Insects and spiders   |c Anita Ganeri 
260 |a India :   |b Euro Books ,   |c 2005 
440 0 |a Disney children's encyclopedia 
500 |a Children ages 7-9 years old (orange) 
650 0 |a Encylopedia   |x English   |x Languages 
710 0 |a Title 
999 |a 0000970906   |b Book   |c REFERENCE   |e Cawangan Urban Transformation Centre 
999 |a 0001069641   |b Book   |c Children Collection   |e Cawangan Pontian 
999 |a 0001142944   |b Book   |c REFERENCE   |e Cawangan Bandar Tenggara 
999 |a 0001142945   |b Book   |c Children Collection   |e Cawangan Tmn. Ungku Tun Aminah 
999 |a 0001142946   |b Book   |c Children Collection   |e Cawangan Muar